Povinnosti zamestnávateľa pri zamestnávaní cudzincov z tretích krajín

V tomto článku sa budeme venovať práve zamestnávaniu cudzincov pochádzajúcich z tretích krajín a objasníme si postup, ktorý musí byť pri ich zamestnávaní dodržiavaný. V článku uvedieme legislatívny rámec zamestnávania cudzincov a v praxi najčastejšie sa vyskytujúce formy povolení, na základe ktorých...

Ausführliche Beschreibung

Gespeichert in:
Bibliographische Detailangaben
1. Verfasser: Beňová, Zuzana
Format: Buchkapitel
Sprache:Slowakisch
Schlagworte:
Tags: Tag hinzufügen
Keine Tags, Fügen Sie das erste Tag hinzu!

MARC

LEADER 00000naa a2200000 4500
001 0308712
005 20250523090645.5
041 0 |a slo 
044 |a SK 
245 1 0 |a Povinnosti zamestnávateľa pri zamestnávaní cudzincov z tretích krajín  |c Zuzana Beňová 
520 |a V tomto článku sa budeme venovať práve zamestnávaniu cudzincov pochádzajúcich z tretích krajín a objasníme si postup, ktorý musí byť pri ich zamestnávaní dodržiavaný. V článku uvedieme legislatívny rámec zamestnávania cudzincov a v praxi najčastejšie sa vyskytujúce formy povolení, na základe ktorých môžu cudzinci z tretích krajín na Slovensku legálne pracovať, taktiež objasníme postupy, ktoré musí zamestnávateľ dodržať. 
610 2 0 |a cudzinci 
610 2 0 |a zamestnanosť 
610 2 0 |a krajiny tretie 
610 2 0 |a legislatíva 
610 2 0 |a zákonník práce 
100 1 |a Beňová, Zuzana